<?xml version="1.0" encoding="UTF-8"?>
<record
    xmlns:xsi="http://www.w3.org/2001/XMLSchema-instance"
    xsi:schemaLocation="http://www.loc.gov/MARC21/slim http://www.loc.gov/standards/marcxml/schema/MARC21slim.xsd"
    xmlns="http://www.loc.gov/MARC21/slim">

  <leader>01627    a2200229   4500</leader>
  <controlfield tag="003">Nust</controlfield>
  <controlfield tag="005">20221128101207.0</controlfield>
  <datafield tag="010" ind1=" " ind2=" ">
    <subfield code="a">   75035591</subfield>
  </datafield>
  <datafield tag="020" ind1=" " ind2=" ">
    <subfield code="a">0716703572</subfield>
  </datafield>
  <datafield tag="040" ind1=" " ind2=" ">
    <subfield code="c">Nust</subfield>
  </datafield>
  <datafield tag="082" ind1="0" ind2="0">
    <subfield code="a">530,ROM</subfield>
  </datafield>
  <datafield tag="100" ind1="1" ind2=" ">
    <subfield code="a">Romer, Robert H.</subfield>
    <subfield code="9">103659</subfield>
  </datafield>
  <datafield tag="245" ind1="1" ind2="0">
    <subfield code="a">Energy :</subfield>
    <subfield code="b">an introduction to physics / </subfield>
    <subfield code="c">Robert H. Romer.</subfield>
  </datafield>
  <datafield tag="260" ind1=" " ind2=" ">
    <subfield code="a">San Francisco :</subfield>
    <subfield code="b">W. H. Freeman,</subfield>
    <subfield code="c">c1976.</subfield>
  </datafield>
  <datafield tag="300" ind1=" " ind2=" ">
    <subfield code="a">xvii, 628 p. :</subfield>
    <subfield code="b">ill. ;</subfield>
    <subfield code="c">24 cm.</subfield>
  </datafield>
  <datafield tag="505" ind1=" " ind2=" ">
    <subfield code="a">The Concept of Energy and the Role of Energy in Society (Page-2), Conservation of Mechanical Energy and Gravitational Potential Energy (Page-48), Momentum Force and Work (Page-92), The Concept of Energy and Three Important Applications Hydroelectricity Transportation and Heating (Page-126), Newton&#x2019;s Law of Universal Gravitation (Page-172),  The First Law of Thermodynamics The Generalization of the Law of Conservation of Energy (Page-202), The Second Law of Thermodynamics (Page-240), Electrical Energy and its Uses (Page-272), Electromagnetism The Generation and Transmission of Electrical Energy (Page-318), The Energy Problem Past Present and Future Patterns of Energy Supply and Consumption (Page-346), The Nature of Light and Other Types of Radiation and the Earth Energy Balance (Page-366), Atoms Their Structure and Energy (Page-396), Radioactivity and Nuclear Physics (Page-414), Nuclear Fission and Nuclear Fission Power Plants (Page-458), Nuclear Fusion Power (Page-486) Solar Energy (Page-516).</subfield>
  </datafield>
  <datafield tag="650" ind1=" " ind2="0">
    <subfield code="a">Force and energy.</subfield>
    <subfield code="9">44778</subfield>
  </datafield>
  <datafield tag="650" ind1=" " ind2="0">
    <subfield code="a">Physics.</subfield>
  </datafield>
  <datafield tag="650" ind1=" " ind2="0">
    <subfield code="a">Power (Mechanics)</subfield>
    <subfield code="9">82773</subfield>
  </datafield>
  <datafield tag="650" ind1=" " ind2="0">
    <subfield code="a">Power resources.</subfield>
    <subfield code="9">3458</subfield>
  </datafield>
  <datafield tag="942" ind1=" " ind2=" ">
    <subfield code="2">ddc</subfield>
    <subfield code="c">BK</subfield>
    <subfield code="k">530,ROM</subfield>
  </datafield>
  <datafield tag="999" ind1=" " ind2=" ">
    <subfield code="c">183988</subfield>
    <subfield code="d">183988</subfield>
  </datafield>
  <datafield tag="952" ind1=" " ind2=" ">
    <subfield code="0">0</subfield>
    <subfield code="1">0</subfield>
    <subfield code="2">ddc</subfield>
    <subfield code="4">0</subfield>
    <subfield code="7">0</subfield>
    <subfield code="a">MCS</subfield>
    <subfield code="b">MCS</subfield>
    <subfield code="c">GEN</subfield>
    <subfield code="d">2016-12-12</subfield>
    <subfield code="o">530,ROM</subfield>
    <subfield code="p">MCS6342</subfield>
    <subfield code="r">2016-12-08</subfield>
    <subfield code="w">2016-12-12</subfield>
    <subfield code="y">BK</subfield>
    <subfield code="z">Almirah No. 15 Shelf No. 4</subfield>
  </datafield>
</record>
